Rodové vnímanie manažérskych pozícií diplomová práca

Saved in:
Bibliographic Details
Main Author: Šimková, Lenka
Corporate Author: Podnikovohospodárska fakulta EU so sídlom v Košiciach. Katedra manažmentu
Other Authors: Mihalčová, Bohuslava, 1963-
Format: Book
Language:Slovak
Published: Košice 2017
Tags: Add Tag
No Tags, Be the first to tag this record!

MARC

LEADER 00000nbm a2200000 4500
001 0231499
005 20171121123309.7
041 0 |a slo 
044 |a SK 
245 1 0 |a Rodové vnímanie manažérskych pozícií  |b diplomová práca  |c Lenka Šimková ; školiteľ: Bohuslava Mihalčová 
264 1 |a Košice  |c 2017 
300 |a 83 s. 
100 1 |a Šimková, Lenka 
700 1 |a Mihalčová, Bohuslava, 1963- 
710 2 |a Podnikovohospodárska fakulta EU so sídlom v Košiciach. Katedra manažmentu